| 000 | 00928nam a2200277Ia 4500 | ||
|---|---|---|---|
| 999 |
_c53657 _d53657 |
||
| 001 | 20704 | ||
| 003 | GE_BSU | ||
| 005 | 20221110152915.0 | ||
| 008 | 181216s2015||||xx |||||||||||||| ||eng|| | ||
| 020 | _a9781455702688x | ||
| 040 | _cGE_BSU | ||
| 041 | _aeng | ||
| 080 | _a617.5 B-97 | ||
| 100 |
_aBusuttil, Ronald W. _910364 |
||
| 245 |
_aTransplantation of the Liver / _cRonald W. Busuttil, Goran B.G. Klintmalm ; Edited by Ronald W. Busuttil, Goran B.G. Klintmalm. |
||
| 250 | _aThird Edition | ||
| 264 |
_aPhiladelfia : _bElsevier, _c2015. |
||
| 300 |
_a1538 p. : _b ill. ; _c29 cm. |
||
| 541 | _h645 Gel. | ||
| 653 | _aTransplantation of the Liver | ||
| 653 | _aТрансплантация печени | ||
| 653 | _aმედიცინა | ||
| 653 | _aღვიძლის ტრანსპლანტაცია | ||
| 700 |
_aKlintmalm, Goran B.G. _eავტორი _910365 |
||
| 942 |
_cBK _2udc |
||